| 000 | 00519nab a2200157Ia 4500 | ||
|---|---|---|---|
| 003 | ES-SlBCS | ||
| 005 | 20210601142646.0 | ||
| 008 | 140529s2008 xxu||||| |||| 00| 0 spa d | ||
| 041 | _aspa | ||
| 100 | 1 |
_aBrown, Steven _9275045 |
|
| 245 | 0 | 0 |
_aNeurociencia de la danza _c Steven Brown, Lawrence M. Parsons |
| 650 | 0 | 4 |
_aNeurociencia-Danza _9275046 |
| 700 | 1 |
_aParsons, Lawrence M. _9273619 |
|
| 773 | 0 |
_tInvestigacion y Ciencia (Traducción de: Scientific American) _gnº. 384, 2008, págs. 84-89 _wRev1650 |
|
| 942 | _cAR | ||
| 999 |
_c680122 _d680122 |
||